| 000 | 00972nas a2200325 4500 | ||
|---|---|---|---|
| 001 | BR9100565 | ||
| 003 | BR-BrBNA | ||
| 005 | 20231205091914.0 | ||
| 007 | ta | ||
| 008 | 230509b bl.|||p| |||| 00| 00por d | ||
| 040 |
_aBR-BrBNA _bpor _cBiblioteca Nacional de Agricultura |
||
| 041 | _a(Pt) | ||
| 072 | _aQ04 | ||
| 100 | 1 | _aSouza, P.A. de | |
| 100 | 1 | _aSouza, H.B.A. de | |
| 100 | 1 | _aFaleiros, R.R. de S. | |
| 245 | 1 | _aAvaliacao quimica de algumas marcas de salsichas e mortadelas | |
| 246 | 1 | _aChemical evaluation of some commercial brands of sausages and bolognas | |
| 650 | _aSALSICHA | ||
| 650 | _aMORTADELA | ||
| 650 | _aNITRITO | ||
| 650 | _aNITRATO | ||
| 650 | _aGORDURA | ||
| 650 | _aPROTEINA | ||
| 650 | _aANALISE QUIMICA | ||
| 650 | _aSAO PAULO | ||
| 773 | 0 |
_tCiencia e Tecnologia de Alimentos (Brazil) _xISSN 0101-2061 _g(Jan-Jun 1990), v. 10(1) p. 109-119 _wBR9100565 |
|
| 909 |
_a202311 _bLúcia _c55 _dLúcia Elande |
||
| 942 |
_2AGRIS _n0 _cANA |
||
| 999 |
_c128066 _d128066 |
||